000 00554nam a2200217 a 4500
999 _c5413
_d5413
001 5413
003 BD-JhCC
005 20171213194332.0
008 171213s1965 e |||| ||a| 000 0 eng d
035 _a(BD-JhCC) 5413
040 _aBD-JhCC
_dBD-JhCC
041 _aeng
082 _a570.1
_bGRO 1964
100 _aGrobstein, Glifford
245 _aThe Strategy of Life /
_cGlifford Grobstein
260 _aLondon :
_bW.H.Freeman and Company,
_c1965
300 _a118 p .:
_c22 cm .
650 _aLife (Biology)
942 _2ddc
_cBK